私鉄駅だけ存在する市 - Statistics

General Stats
  • This quiz has been taken 992 times
  • The average score is 73 of 128
Answer Stats
都道府県 市名 市内を通る路線 % Correct
埼玉県 秩父市 西武線、秩父鉄道
77%
茨城県 つくば市 つくばエクスプレス
75%
埼玉県 春日部市 東武線
74%
神奈川県 大和市 小田急線、相鉄線など
73%
東京都 調布市 京王線
71%
東京都 西東京市 西武線
71%
埼玉県 和光市 東武線、東京メトロ
70%
埼玉県 草加市 東武線
69%
神奈川県 三浦市 京急線
69%
神奈川県 伊勢原市 小田急線など
68%
愛知県 豊田市 名鉄線、愛知環状鉄道
68%
東京都 狛江市 小田急線
67%
神奈川県 秦野市 小田急線
67%
茨城県 守谷市 つくばエクスプレスなど
66%
茨城県 つくばみらい市 つくばエクスプレス
66%
埼玉県 ふじみ野市 東武線
66%
東京都 多摩市 京王線など
66%
山梨県 富士吉田市 富士山麓電気鉄道
66%
静岡県 伊豆市 伊豆箱根鉄道
66%
愛知県 犬山市 名鉄線
66%
群馬県 太田市 東武線
65%
群馬県 館林市 東武線
65%
埼玉県 狭山市 西武線
65%
千葉県 野田市 東武線
65%
愛知県 常滑市 名鉄線
65%
三重県 志摩市 近鉄線
65%
沖縄県 那覇市 沖縄都市モノレール
65%
埼玉県 東松山市 東武線
64%
東京都 清瀬市 西武線
64%
福井県 鯖江市 ハピラインふくいなど
64%
大阪府 河内長野市 南海線、近鉄線
64%
埼玉県 富士見市 東武線
63%
東京都 東久留米市 西武線
63%
神奈川県 厚木市 小田急線
63%
山梨県 都留市 富士山麓電気鉄道
63%
静岡県 下田市 伊豆急行
63%
静岡県 伊豆の国市 伊豆箱根鉄道
63%
埼玉県 羽生市 東武線、秩父鉄道
62%
石川県 白山市 IRいしかわ鉄道など
62%
三重県 名張市 近鉄線
62%
大阪府 豊中市 阪急線など
62%
埼玉県 八潮市 つくばエクスプレス
61%
千葉県 八千代市 京成線
61%
千葉県 鎌ケ谷市 東武線、新京成線など
61%
富山県 魚津市 あいの風とやま鉄道など
61%
埼玉県 坂戸市 東武線
60%
東京都 東大和市 西武線など
60%
愛知県 小牧市 名鉄線
60%
愛知県 あま市 名鉄線
60%
奈良県 生駒市 近鉄線
60%
茨城県 常総市 関東鉄道
59%
埼玉県 志木市 東武線
59%
富山県 滑川市 あいの風とやま鉄道など
59%
愛知県 瀬戸市 名鉄線、愛知環状鉄道
59%
愛知県 知立市 名鉄線
59%
愛知県 北名古屋市 名鉄線
59%
埼玉県 鶴ヶ島市 東武線
58%
神奈川県 南足柄市 伊豆箱根鉄道
58%
新潟県 妙高市 えちごトキめき鉄道
58%
石川県 野々市市 IRいしかわ鉄道など
58%
岐阜県 関市 長良川鉄道
58%
岐阜県 郡上市 長良川鉄道
58%
愛知県 西尾市 名鉄線
58%
愛知県 知多市 名鉄線
58%
愛知県 長久手市 愛知高速交通
58%
三重県 いなべ市 三岐鉄道
58%
沖縄県 浦添市 沖縄都市モノレール
58%
青森県 黒石市 弘南鉄道
57%
栃木県 真岡市 真岡鐵道
57%
愛知県 東海市 名鉄線
57%
京都府 宮津市 WILLER TRAINSなど
57%
群馬県 富岡市 上信電鉄
56%
埼玉県 加須市 東武線
56%
富山県 射水市 あいの風とやま鉄道など
56%
愛知県 江南市 名鉄線
56%
大阪府 大阪狭山市 南海線
56%
青森県 三沢市 青い森鉄道
55%
茨城県 鉾田市 鹿島臨海鉄道
55%
千葉県 白井市 北総線
55%
富山県 小矢部市 あいの風とやま鉄道
55%
福井県 坂井市 ハピラインふくいなど
55%
愛知県 碧南市 名鉄線
55%
大阪府 池田市 阪急線
55%
大阪府 守口市 京阪線など
55%
福井県 勝山市 えちぜん鉄道
54%
愛知県 岩倉市 名鉄線
54%
大阪府 箕面市 阪急線など
54%
大阪府 藤井寺市 近鉄線
54%
長崎県 島原市 島原鉄道
54%
愛知県 津島市 名鉄線
53%
愛知県 豊明市 名鉄線
53%
大阪府 富田林市 近鉄線
53%
大阪府 門真市 京阪線など
53%
埼玉県 幸手市 東武線
52%
岐阜県 美濃市 長良川鉄道
52%
愛知県 日進市 名鉄線・名古屋市交
52%
愛知県 田原市 豊橋鉄道
52%
大阪府 松原市 近鉄線
52%
長野県 須坂市 長野電鉄
51%
岐阜県 海津市 養老鉄道
51%
愛知県 みよし市 名鉄線
51%
京都府 京丹後市 WILLER TRAINS
51%
長崎県 松浦市 松浦鉄道
51%
岐阜県 本巣市 樽見鉄道
50%
京都府 八幡市 京阪線
50%
大阪府 羽曳野市 近鉄線
50%
高知県 宿毛市 土佐くろしお鉄道
50%
宮城県 角田市 阿武隈急行
49%
愛知県 尾張旭市 名鉄線
49%
岡山県 井原市 井原鉄道
49%
茨城県 下妻市 関東鉄道
48%
大阪府 泉大津市 南海線
48%
長崎県 平戸市 松浦鉄道
48%
石川県 能美市 IRいしかわ鉄道
47%
長野県 東御市 しなの鉄道
47%
兵庫県 三木市 神戸電鉄
47%
愛媛県 東温市 伊予鉄道
47%
兵庫県 加西市 北条鉄道
45%
奈良県 宇陀市 近鉄線
45%
長崎県 雲仙市 島原鉄道
45%
愛知県 高浜市 名鉄線
43%
高知県 安芸市 土佐くろしお鉄道
43%
福岡県 柳川市 西鉄線
42%
鹿児島県 阿久根市 肥薩おれんじ鉄道
40%
福岡県 朝倉市 西鉄線、甘木鉄道
37%
高知県 香南市 土佐くろしお鉄道
35%
熊本県 合志市 熊本電気鉄道
34%
福岡県 小郡市 西鉄線、甘木鉄道
31%
No matching quizzes found
Score Distribution
Percent of People with Each Score
Percentile by Number Answered
Your Score History
You have not taken this quiz